000 01381nam a22003857a 4500
003 CHAP
005 20220329142300.0
008 000508d2000 mx r 00110 spa d
010 _a81021
011 _a81993
035 _a92477
040 _cCHAP
090 _aTesis
100 0 0 _aNavarro Borroel, Mónica Berenice.
_980544
245 1 0 _aEfecto de la contaminación del suelo con hidrocarburos sobre la endomicorriza V-A y sobre Rhizobium ssp. en simbiosis con frijol (Phaseolus vulgaris L.)
_c/por Mónica Berenice Navarro Borroel
260 _aChapingo, Méx. :
_bEl autor,
_c2000.
300 _a74 h.
502 _aTesis (Ing. Agr. Esp. en Suelos) -- UACH. Departamento de Suelos
590 _aALEPH
_b10
_c20130110
_lUCH01
_h1434
590 _aBATCH-UPD
_b10
_c20130110
_lUCH01
_h0448
590 _aBATCH-UPD
_b10
_c20130110
_lUCH01
_h2308
590 _aBATCH-UPD
_b10
_c20130410
_lUCH01
_h0125
590 _aBATCH-UPD
_b10
_c20130914
_lUCH01
_h1438
590 _aCONVERSION
_b10
_c20130109
_lUCH01
_h1345
650 1 4 _aFrijol.
_943319
650 1 4 _aMicorriza.
_975486
650 1 4 _aRhizobium.
_997124
650 1 4 _aSimbiosis.
_9106148
650 1 4 _aSuelos
_xContaminación.
_9110327
901 _aBK
905 _aAlejandra Carrasco M.
942 _cFOLL
949 _bBC
_cTES
_d33724000781043
_eTS2
_fc.2
_h36166
_i92477
_si
949 _bBC
_cTES
_d924771
_eTS1
_h36165
_i92477
_sb
999 _c81021
_d81021